|
|
|
|
| LEADER |
00000nam a2200000 a 4500 |
| 001 |
vtls001174274 |
| 003 |
SK-MaSNL |
| 005 |
20260302031557.0 |
| 008 |
250312s1968 xo slo |
| 035 |
|
|
|a SNK000117258
|
| 035 |
|
|
|a urn:nbn:sk:snk-amydoj
|
| 035 |
|
|
|a urn:nbn:sk:snk-am00cfbn
|
| 035 |
|
|
|a BB9934E4-5469-469C-A961-13A049DF4253
|
| 040 |
|
|
|a SNK
|b slo
|c SNK
|e AACR2
|
| 041 |
0 |
|
|a slo
|
| 044 |
|
|
|a xo
|c SK
|
| 100 |
1 |
|
|a Štefko, L.
|4 aut
|9 679494
|
| 245 |
1 |
0 |
|a Perla Malých Karpát
|c L. Štefko ; Nakreslil Milan R. Bednarič
|
| 260 |
|
|
|a Modra
|b MNV
|c [1968]
|
| 300 |
|
|
|a 32 s.
|c 8°
|
| 700 |
1 |
|
|a Bednarič, Milan R.
|4 ill
|9 679495
|
| 852 |
|
|
|a Slovenská národná knižnica
|
| 958 |
|
|
|a RK
|
| 958 |
|
|
|a OND
|
| 999 |
|
|
|c 1052965
|d 1054895
|
| 952 |
|
|
|a SNK
|b SNK
|y VYP
|7 0
|p 17A1052452
|o snkSD 40240 D1
|i snkK 1555/72
|8 3
|0 0
|1 0
|4 0
|d 1996-02-02
|l 0
|r 2005-01-01 00:00:00
|w 2026-02-24
|
| 952 |
|
|
|a SNK
|b SNK
|y PREZ
|7 0
|p 17A0903714
|o snkSD 40240
|0 0
|1 0
|4 0
|d 2013-08-14
|f 1
|l 0
|r 2026-02-24 15:02:32
|w 2026-02-24
|